Význam krajín Spoločenstva nezávislých štátov v zahraničnoobchodných stratégiách EÚ (s dosahom na ekonomiku SR) diplomová práca

Guardado en:
Detalles Bibliográficos
Autor principal: Drozdová, Kristína
Autor Corporativo: Obchodná fakulta EU. Katedra medzinárodného obchodu
Otros Autores: Kašťáková, Elena, 1974-
Formato: Libro
Lenguaje:eslovaco
Publicado: Bratislava 2017
Etiquetas: Agregar Etiqueta
Sin Etiquetas, Sea el primero en etiquetar este registro!

MARC

LEADER 00000nbm a2200000 4500
001 0230607
005 20170927111224.5
041 0 |a slo 
044 |a SK 
245 1 0 |a Význam krajín Spoločenstva nezávislých štátov v zahraničnoobchodných stratégiách EÚ (s dosahom na ekonomiku SR)  |b diplomová práca  |c Kristína Drozdová ; školiteľ: Elena Kašťáková 
264 1 |a Bratislava  |c 2017 
300 |a 86 s. 
100 1 |a Drozdová, Kristína 
700 1 |a Kašťáková, Elena, 1974- 
710 2 |a Obchodná fakulta EU. Katedra medzinárodného obchodu